| 000 | 006240000a22001810004500 | ||
|---|---|---|---|
| 003 | MACL | ||
| 005 | 20160522153230.0 | ||
| 008 | 160522b xxu||||| |||| 00| 0 eng d | ||
| 040 |
_aMACL _cMACL |
||
| 041 | _aHindi | ||
| 082 | _a891.433 | ||
| 100 |
_aपुटटप्पा, कु वें _958876 |
||
| 245 |
_aशूद्र तपस्वी एंव अन्य दो नाटक _cकु वें पुटटप्पा |
||
| 260 |
_bभारतीय ज्ञानपीठ _c2005 _aदिल्ली |
||
| 350 | _a75 | ||
| 650 |
_aDrama _958877 |
||
| 942 |
_cHIN _k891.432/PUT/D _2ddc |
||
| 999 |
_c22102 _d22102 |
||